00468nam a2200145Ia 4500008004100000020001800041082001400059100001700073245003800090260001800128500001400146942000700160952014000167999001500307260604s9999 xx 000 0 und d a9780857637680 a808.3 HAR aSHREE935323 0aThe Secret Rescuers The Star Wolf bNosy Crow Ltd aStar Wolf cBK 00104070aIIMVbIIMVcChildren Collectiond2026-06-04g299.00l0o808.3 HARp003787r2026-06-04 10:19:13v299.00w2026-06-04yBKBHAR c8169d8169